Statistiken für Deutsche Nationalhymne Quiz

Klicken Sie hier um das Quiz zu spielen!

Allgemein

  • Dieses Quiz wurde 8.002 mal gespielt
  • Das Durchschnittsergebnis liegt bei 23 aus 27

Antwortstatistiken

Lyrics% Korrekt
Vaterland!
98%
und
98%
das
98%
deutsche
98%
Einigkeit
97%
Recht
97%
für
97%
Freiheit
97%
uns
89%
alle
87%
lasst
86%
Herz
86%
brüderlich
86%
mit
86%
Hand!
86%
streben
84%
Glückes
81%
Danach
80%
im
79%
des
79%
Blüh‘
78%
Glanze
77%
dieses
77%
sind
76%
deutsches
75%
Blühe
73%
Unterpfand;
68%

Verteilung der Resultate

Perzentil nach korrekt beantworteten Fragen

Anzahl Personen mit jedem Resultat

Ihre Resultats-Entwicklung

Sie haben dieses Quiz noch nicht gespielt